000 01135nac a22003251i 4500
003 EG-ScBUE
005 20250702084037.0
008 250625t2006 caua f b 001 0 eng d
020 _a032130070X
020 _a9780321300706
040 _aEG-ScBUE
_beng
_erda
_cEG-ScBUE
_dEG-ScBUE
082 0 4 _a540
_bSIS
_222
100 1 _aSiska, Peter E.,
_eauthor.
245 1 0 _aUniversity chemistry /
_cPeter E. Siska, University of Pittsburgh.
250 _aPearson international edition.
264 1 _aSan Francisco :
_bPearson/Benjamin Cummings,
_c[2006]
264 4 _cc2006
300 _axx, 818 pages :
_billustrations (some color) ;
_c27 cm
336 _2rdacontent
_atext
_btxt
337 _aunmediated
_2rdamedia
_bn
338 _avolume
_bnc
_2rdacarrier
500 _aIncludes a student access code
500 _aIncludes Appendices.
504 _aIncludes bibliographical references and index.
650 7 _aChemistry
_vTextbooks.
_2BUEsh
650 7 _aChemistry
_xHistory
_vTextbooks.
_2BUEsh
655 _vReading book
856 4 1 _3Table of contents
_uhttp://www.loc.gov/catdir/toc/ecip0518/2005025051.html
942 _cBB
_2ddc
999 _c2447
_d2447